[Event "3rd Ideon Andron Open 2014"]
[Site "Anogia GRE"]
[Date "2014.08.02"]
[Round "5.8"]
[White "Galanos, Dimitrios"]
[Black "Kourkoulos-Arditis, Stamatis"]
[Result "0-1"]
[BlackTitle "FM"]
[WhiteElo "2124"]
[BlackElo "2330"]
[WhiteFideId "4206754"]
[BlackFideId "4221990"]
[EventDate "2014.07.30"]

1. e4 c5 2. Nf3 e6 3. d4 cxd4 4. Nxd4 Nc6 5. Nc3 Qc7 6. g3 a6 7. Bg2 Nf6 8. O-O
d6 9. Nxc6 bxc6 10. b3 Be7 11. Bb2 e5 12. Na4 O-O 13. c4 Be6 14. Qe2 Rfe8 15. c5
dxc5 16. f4 Bg4 17. Qf2 exf4 18. gxf4 c4 19. Nb6 Rad8 20. Nxc4 Be6 21. Rac1 Ng4
22. Qg3 h5 23. Kh1 Qa7 24. Na5 h4 25. Qe1 Qe3 26. Bc3 h3 27. Bf3 Qxf4 28. Bxg4
Qxg4 29. Rf2 Bh4 0-1

[Event "3rd Ideon Andron Open 2014"]
[Site "Anogia GRE"]
[Date "2014.08.02"]
[Round "5.9"]
[White "Lirindzakis, Timotheos"]
[Black "Dionysopoulos, Zacharias"]
[Result "1/2-1/2"]
[WhiteTitle "IM"]
[WhiteElo "2271"]
[BlackElo "2091"]
[WhiteFideId "4200381"]
[BlackFideId "4281969"]
[EventDate "2014.07.30"]

1. c4 e6 2. d4 d5 3. Nf3 Nf6 4. g3 Bb4+ 5. Bd2 Be7 6. Bg2 c6 7. Qc2 O-O 8. O-O
Nbd7 9. Rd1 Ne4 10. Be1 b6 11. Nbd2 Nxd2 12. Nxd2 Nf6 13. e4 dxe4 14. Nxe4 Bb7
15. Bc3 Nxe4 16. Bxe4 h6 17. Rd3 Qc7 18. Rad1 Rad8 19. b3 Rd7 20. Qe2 Rfd8 21.
Bb2 Bf8 22. R3d2 Bb4 1/2-1/2

[Event "3rd Ideon Andron Open 2014"]
[Site "Anogia GRE"]
[Date "2014.08.02"]
[Round "5.10"]
[White "Kotronias, Vasilios"]
[Black "Kostouros, Alexandros"]
[Result "0-1"]
[WhiteTitle "GM"]
[WhiteElo "2564"]
[BlackElo "2101"]
[WhiteFideId "5900212"]
[BlackFideId "4206100"]
[EventDate "2014.07.30"]

1. e4 e5 2. Nf3 Nf6 3. Nxe5 d6 4. Nf3 Nxe4 5. d4 d5 6. Bd3 Bd6 7. O-O O-O 8. c4
c6 9. cxd5 cxd5 10. Nc3 Nxc3 11. bxc3 Bg4 12. Rb1 b6 13. Rb5 Bc7 14. h3 a6 15.
hxg4 axb5 16. Qc2 g6 17. Bh6 Re8 18. Bxb5 Re4 19. c4 Rxg4 20. cxd5 Ra7 21. Re1
Nd7 22. g3 Nf6 23. Ne5 Bxe5 24. dxe5 Nh5 25. Re3 Rc7 26. Qd1 Rb4 27. a4 Ng7 28.
Bxg7 Kxg7 29. d6 Rc5 30. e6 fxe6 31. Rxe6 Qg5 32. d7 Rd5 33. Qa1+ Rbd4 34. Rxb6
Kh6 35. Qa3 Rf5 36. Qc3 Rd1+ 37. Kg2 Rd2 38. Kg1 Rfxf2 39. Bf1 Rxf1+ 0-1

[Event "3rd Ideon Andron Open 2014"]
[Site "Anogia GRE"]
[Date "2014.08.03"]
[Round "6.1"]
[White "Kourkoulos-Arditis, Stamatis"]
[Black "Narayanan, Srinath"]
[Result "0-1"]
[WhiteTitle "FM"]
[BlackTitle "IM"]
[WhiteElo "2330"]
[BlackElo "2419"]
[WhiteFideId "4221990"]
[BlackFideId "5018420"]
[EventDate "2014.07.30"]

1. e4 e5 2. Nf3 Nc6 3. Bc4 Nf6 4. d3 Bc5 5. c3 O-O 6. O-O d5 7. exd5 Nxd5 8. Re1
Bg4 9. Nbd2 Nb6 10. h3 Bh5 11. Ne4 Nxc4 12. Nxc5 Nd6 13. g4 Bg6 14. Qb3 Kh8 15.
Bg5 f6 16. Bh4 Bf7 17. Qa4 Bd5 18. Nd2 b6 19. Ne6 Bxe6 20. Qxc6 Bd7 21. Qg2 Bb5
22. d4 exd4 23. cxd4 Qd7 24. Nb1 Bc6 25. d5 Bb7 26. Nc3 Rae8 27. Bg3 Nb5 28.
Rxe8 Rxe8 29. Rd1 Nxc3 30. bxc3 b5 31. Qf3 Rd8 32. Qe3 h5 33. Qxa7 Bxd5 34. Qxc7
Qe8 35. gxh5 Rc8 36. Qf4 Qxh5 37. Rd4 Kg8 38. Qg4 Qxg4 39. hxg4 Bxa2 40. Rd3 Bc4
41. Re3 Rd8 42. Bc7 Rd1+ 43. Kg2 Kf7 44. Bb6 g5 45. Bd4 b4 46. cxb4 Rxd4 47. f3
Bd5 48. Kg3 Rxb4 49. Ra3 Rb3 0-1

[Event "3rd Ideon Andron Open 2014"]
[Site "Anogia GRE"]
[Date "2014.08.03"]
[Round "6.2"]
[White "Hristodoulou, Panagiotis"]
[Black "Antic, Dejan"]
[Result "1/2-1/2"]
[BlackTitle "GM"]
[WhiteElo "2242"]
[BlackElo "2479"]
[WhiteFideId "4214340"]
[BlackFideId "901008"]
[EventDate "2014.07.30"]

1. e4 e6 2. d4 d5 3. Nd2 a6 4. Bd3 c5 5. dxc5 Bxc5 6. Ngf3 Nf6 7. O-O Nc6 8. a3
Ba7 9. b4 O-O 10. Bb2 b5 11. e5 Nd7 12. Nb3 Bb7 13. Re1 h6 14. Nbd4 Rc8 15. Nxc6
Bxc6 16. Bd4 Bxd4 17. Nxd4 Nb6 18. f4 Bd7 19. Qg4 Nc4 20. Kh1 Qc7 21. Qg3 Qb6
22. Rad1 Kh8 23. Bxc4 Rxc4 24. c3 Rfc8 25. Rd3 a5 26. h4 axb4 27. axb4 Qa7 28.
Kh2 Qa3 1/2-1/2

[Event "3rd Ideon Andron Open 2014"]
[Site "Anogia GRE"]
[Date "2014.08.03"]
[Round "6.3"]
[White "Kasparov, Sergey"]
[Black "Lekic, Dusan"]
[Result "1/2-1/2"]
[WhiteTitle "GM"]
[BlackTitle "IM"]
[WhiteElo "2460"]
[BlackElo "2433"]
[WhiteFideId "13500481"]
[BlackFideId "905330"]
[EventDate "2014.07.30"]

1. e4 e5 2. Nf3 Nc6 3. Bb5 a6 4. Ba4 Nf6 5. Bxc6 dxc6 6. d3 Bd6 7. Nbd2 Bg4 8.
h3 Bh5 9. Nc4 Nd7 10. Be3 Qe7 11. Qe2 f6 12. O-O-O c5 13. Kb1 Nb8 14. g4 Bf7 15.
Nfd2 Nc6 16. c3 O-O-O 17. Nb3 b6 18. f3 a5 19. d4 cxd4 20. cxd4 exd4 21. Nxd4
Nxd4 22. Nxd6+ Rxd6 23. Rxd4 Rxd4 24. Bxd4 Rd8 25. Qa6+ Kd7 26. Qb5+ Ke6 27.
Qf5+ Kd6 28. Rc1 Qe6 29. Qxe6+ Kxe6 1/2-1/2

[Event "3rd Ideon Andron Open 2014"]
[Site "Anogia GRE"]
[Date "2014.08.03"]
[Round "6.4"]
[White "Anurag, Mhamal"]
[Black "Galopoulos, Nikolaos"]
[Result "1-0"]
[WhiteTitle "IM"]
[WhiteElo "2405"]
[BlackElo "2361"]
[WhiteFideId "5024366"]
[BlackFideId "4208951"]
[EventDate "2014.07.30"]

1. c4 Nf6 2. g3 e6 3. Bg2 d5 4. Nf3 dxc4 5. Qa4+ c6 6. Qxc4 b5 7. Qc2 Bb7 8. O-O
Nbd7 9. Nc3 a6 10. a4 b4 11. Nd1 c5 12. b3 Be7 13. Bb2 O-O 14. Ne3 Rc8 15. Rad1
Nb8 16. Ng5 Bxg2 17. Bxf6 g6 18. Nxe6 fxe6 19. Bxe7 Qxe7 20. Kxg2 Nc6 21. Nc4
Nd4 22. Qe4 Qd7 23. e3 Qd5 24. f3 Rxf3 25. Qxd5 exd5 26. Nb6 1-0

[Event "3rd Ideon Andron Open 2014"]
[Site "Anogia GRE"]
[Date "2014.08.03"]
[Round "6.5"]
[White "Pap, Misa"]
[Black "Malikentzos, Sotirios"]
[Result "1/2-1/2"]
[WhiteTitle "GM"]
[BlackTitle "FM"]
[WhiteElo "2514"]
[BlackElo "2352"]
[WhiteFideId "921610"]
[BlackFideId "4215079"]
[EventDate "2014.07.30"]

1. e4 e5 2. Nf3 Nf6 3. Nc3 Bb4 4. Nxe5 O-O 5. Be2 Re8 6. Nd3 Bxc3 7. dxc3 Nxe4
8. O-O d5 9. Nf4 Nf6 10. Be3 Bf5 11. Re1 Nc6 12. Qd2 Ne5 13. Rad1 c6 14. f3 Nc4
15. Bxc4 dxc4 16. Qf2 Qc7 17. g4 Bd7 18. Kg2 Re5 19. Qg3 Ra5 20. Bd4 Nd5 21. Be5
Qb6 22. Bxg7 Kxg7 23. Nh5+ Kg8 24. Qd6 Qd8 25. Re5 Be6 26. Rexd5 Rxd5 27. Rxd5
cxd5 28. Qe5 Kf8 29. Nf6 h6 30. g5 hxg5 31. Qxg5 Ke7 32. h4 Qh8 33. Nxd5+ Kd6
34. Nf6 Ke7 35. Qc5+ Kd8 36. Qd6+ Kc8 37. Qc5+ Kd8 38. Qd6+ Kc8 39. Qc5+ 1/2-1/2

[Event "3rd Ideon Andron Open 2014"]
[Site "Anogia GRE"]
[Date "2014.08.03"]
[Round "6.6"]
[White "Swapnil, S. Dhopade"]
[Black "Kostopoulos, Evaggelos"]
[Result "1-0"]
[WhiteTitle "IM"]
[WhiteElo "2421"]
[BlackElo "2135"]
[WhiteFideId "5019184"]
[BlackFideId "4208641"]
[EventDate "2014.07.30"]

1. d4 d5 2. c4 dxc4 3. e3 Nf6 4. Bxc4 e6 5. Nf3 c5 6. O-O a6 7. Bb3 Qc7 8. e4
cxd4 9. e5 Nfd7 10. Bf4 Nc5 11. Nxd4 b5 12. Bc2 Bb7 13. Nd2 Nc6 14. Nxc6 Qxc6
15. Nf3 Be7 16. Rc1 a5 17. Be3 Rc8 18. Qd4 g5 19. Rfd1 b4 20. Bb1 h5 21. Qd2 g4
22. Ne1 Rg8 23. Bxc5 Bxc5 24. Rxc5 Qxc5 25. Qd7+ Kf8 26. Qxb7 Qc7 27. Qe4 Ke7
28. Qf4 Rcd8 29. Rc1 Qd7 30. Nd3 Qd4 31. Rc7+ 1-0

[Event "3rd Ideon Andron Open 2014"]
[Site "Anogia GRE"]
[Date "2014.08.03"]
[Round "6.7"]
[White "Goumas, Georgios"]
[Black "Milonakis, Georgios"]
[Result "1-0"]
[WhiteElo "2371"]
[BlackElo "2151"]
[WhiteFideId "4208935"]
[BlackFideId "4206320"]
[EventDate "2014.07.30"]

1. e4 c5 2. Nf3 d6 3. d4 cxd4 4. Nxd4 Nf6 5. Nc3 a6 6. Be3 e5 7. Nb3 Be6 8. h3
Nc6 9. Qd2 Be7 10. g4 O-O 11. O-O-O a5 12. g5 Ne8 13. Na4 Nb4 14. Kb1 d5 15. Bb6
Qd7 16. Nac5 Qc6 17. Nxe6 fxe6 18. Bxa5 Qa4 19. a3 Nc6 20. Bb6 Qxe4 21. Bd3 Qh4
22. Rhg1 Ra4 23. Nc5 Bxc5 24. Bxc5 Rf3 25. Be2 Rxh3 26. b3 Rf4 27. Be3 Nd6 28.
Bxf4 Ne4 29. Qe1 Qxf4 30. Bg4 Nc3+ 31. Kb2 Nxd1+ 32. Qxd1 Rh2 33. Bxe6+ Kf8 34.
Bxd5 Nd4 35. Rf1 b5 36. Qd3 g6 37. a4 bxa4 38. bxa4 Qxg5 39. f4 Qe7 40. fxe5+
Nf5 41. Qc3 Rh4 42. Bb3 Kg7 43. a5 h5 44. a6 Qa7 45. e6+ Kh7 46. Rxf5 gxf5 47.
Qf6 Rg4 48. Qf7+ Rg7 49. Qxh5+ 1-0

[Event "3rd Ideon Andron Open 2014"]
[Site "Anogia GRE"]
[Date "2014.08.03"]
[Round "6.8"]
[White "Kostouros, Alexandros"]
[Black "Lirindzakis, Timotheos"]
[Result "1/2-1/2"]
[BlackTitle "IM"]
[WhiteElo "2101"]
[BlackElo "2271"]
[WhiteFideId "4206100"]
[BlackFideId "4200381"]
[EventDate "2014.07.30"]

1. e4 e5 2. Nf3 Nc6 3. d4 exd4 4. Nxd4 Nf6 5. Nxc6 bxc6 6. Bd3 d5 7. Nc3 Be7 8.
O-O O-O 9. Bg5 Nxe4 10. Bxe7 Qxe7 11. Nxe4 dxe4 12. Re1 f5 13. Bc4+ Be6 14. Qd4
Qf7 15. Bxe6 Qxe6 16. f3 Qd5 17. Rad1 Qxd4+ 18. Rxd4 exf3 19. gxf3 Rfe8 1/2-1/2

[Event "3rd Ideon Andron Open 2014"]
[Site "Anogia GRE"]
[Date "2014.08.03"]
[Round "6.9"]
[White "Dionysopoulos, Zacharias"]
[Black "Simeonidis, Ioannis"]
[Result "0-1"]
[BlackTitle "FM"]
[WhiteElo "2091"]
[BlackElo "2234"]
[WhiteFideId "4281969"]
[BlackFideId "4202570"]
[EventDate "2014.07.30"]

1. e4 e5 2. Nf3 Nc6 3. Bc4 Bc5 4. c3 Nf6 5. d3 O-O 6. Bb3 d5 7. Qe2 a5 8. Bg5
dxe4 9. dxe4 h6 10. Bh4 a4 11. Bc4 Qd6 12. O-O Nh5 13. Bg3 Nxg3 14. hxg3 Qg6 15.
Kh1 Qh5+ 16. Nh2 Qxe2 17. Bxe2 Rd8 18. g4 Be6 19. g3 Na5 20. Kg2 f6 21. Re1 Bc4
22. Bd1 b5 23. Nf3 Be6 24. Be2 c6 25. Nfd2 Ra7 26. Rc1 Rad7 27. Rd1 Nc4 28. Bxc4
Bxc4 29. b3 Be2 30. Re1 Rxd2 31. Nxd2 Rxd2 32. bxa4 bxa4 33. Rab1 Bxg4 0-1

[Event "3rd Ideon Andron Open 2014"]
[Site "Anogia GRE"]
[Date "2014.08.04"]
[Round "7.1"]
[White "Narayanan, Srinath"]
[Black "Kasparov, Sergey"]
[Result "1/2-1/2"]
[WhiteTitle "IM"]
[BlackTitle "GM"]
[WhiteElo "2419"]
[BlackElo "2460"]
[WhiteFideId "5018420"]
[BlackFideId "13500481"]
[EventDate "2014.07.30"]

1. e4 d5 2. exd5 Qxd5 3. Nc3 Qd6 4. d4 Nf6 5. Nf3 c6 6. h3 g6 7. Bd3 Bg7 8. O-O
O-O 9. Re1 Nbd7 10. Bg5 Re8 11. Qd2 e6 12. Rad1 Qf8 13. a4 a5 14. Ne5 Nb6 15.
Bxf6 Bxf6 16. Ne4 Bg7 17. c4 f6 18. Nf3 f5 19. Nc3 e5 20. Nxe5 Bxe5 21. Rxe5
Rxe5 22. dxe5 Be6 23. Qe3 Qb4 24. Bf1 Re8 25. b3 Nd7 26. Ne2 Qc5 27. Nd4 Nxe5
28. Nxf5 Qxe3 29. Nxe3 Nd7 30. Nc2 Nc5 31. Nd4 Bf7 32. g3 Kg7 33. Bg2 Kf6 34. h4 1/2-1/2

[Event "3rd Ideon Andron Open 2014"]
[Site "Anogia GRE"]
[Date "2014.08.04"]
[Round "7.2"]
[White "Lekic, Dusan"]
[Black "Anurag, Mhamal"]
[Result "1/2-1/2"]
[WhiteTitle "IM"]
[BlackTitle "IM"]
[WhiteElo "2433"]
[BlackElo "2405"]
[WhiteFideId "905330"]
[BlackFideId "5024366"]
[EventDate "2014.07.30"]

1. d4 Nf6 2. c4 c6 3. Nf3 d5 4. Nc3 dxc4 5. a4 Bf5 6. e3 e6 7. Bxc4 Bb4 8. O-O
O-O 9. Qe2 Bg6 10. Ne5 Nbd7 11. Nxg6 hxg6 12. Rd1 Qc7 13. e4 e5 14. d5 Bxc3 15.
d6 Qa5 16. bxc3 b5 17. Ba2 bxa4 18. Bg5 Nc5 19. f3 Rab8 20. Qc4 Nb3 21. Bxb3
Qb6+ 22. Kf1 axb3 23. Ra6 Qb7 24. Rxc6 Rbc8 25. Rc7 Rxc7 26. dxc7 b2 27. Qb4
Qxc7 28. Qxb2 Rb8 29. Qa3 Qc4+ 30. Kf2 a6 31. Bxf6 gxf6 32. Kg3 Kg7 33. Rd7 Rb3
34. Qe7 Rb8 35. Rd6 Qxc3 36. Qxf6+ Kg8 37. Rxa6 Re8 38. Ra7 Qc4 39. Re7 Rxe7 40.
Qxe7 Qc3 41. Qf6 Qe1+ 42. Kh3 Qc3 43. g3 Qc8+ 44. Kh4 Qc1 45. Kg4 Qc8+ 46. Kh4
Qc1 47. Qxe5 Qh6+ 48. Kg4 Qxh2 49. f4 Qh6 50. Qg5 Qh1 51. Qd5 Kg7 52. Qe5+ f6
53. Qe7+ Kh6 54. Qf8+ Kh7 1/2-1/2

[Event "3rd Ideon Andron Open 2014"]
[Site "Anogia GRE"]
[Date "2014.08.04"]
[Round "7.3"]
[White "Antic, Dejan"]
[Black "Goumas, Georgios"]
[Result "1/2-1/2"]
[WhiteTitle "GM"]
[WhiteElo "2479"]
[BlackElo "2371"]
[WhiteFideId "901008"]
[BlackFideId "4208935"]
[EventDate "2014.07.30"]

1. d4 Nf6 2. c4 e6 3. Nf3 Bb4+ 4. Bd2 a5 5. g3 d6 6. Bg2 Nbd7 7. O-O e5 8. Nc3
O-O 9. dxe5 Nxe5 10. Nxe5 dxe5 11. a3 Be7 12. Qc2 c6 13. Rfd1 Be6 14. Na4 Qc7
15. Rac1 Nd7 16. c5 f5 17. Bh3 g6 18. e4 Rf7 19. Be3 Re8 20. f3 Bf8 21. exf5
gxf5 22. Re1 Qd8 23. Rcd1 Qf6 24. f4 Bh6 25. Rd6 Bf8 26. Rdd1 Bh6 27. Rd6 Bf8
28. Rdd1 1/2-1/2

[Event "3rd Ideon Andron Open 2014"]
[Site "Anogia GRE"]
[Date "2014.08.04"]
[Round "7.4"]
[White "Simeonidis, Ioannis"]
[Black "Swapnil, S. Dhopade"]
[Result "0-1"]
[WhiteTitle "FM"]
[BlackTitle "IM"]
[WhiteElo "2234"]
[BlackElo "2421"]
[WhiteFideId "4202570"]
[BlackFideId "5019184"]
[EventDate "2014.07.30"]

1. d4 Nf6 2. Nf3 c5 3. d5 g6 4. Nc3 Bg7 5. e4 d6 6. Bb5+ Bd7 7. a4 O-O 8. O-O
Bg4 9. Be2 Bxf3 10. Bxf3 Na6 11. Re1 Nd7 12. Be2 Nc7 13. Qd3 a6 14. Qg3 b5 15.
axb5 axb5 16. Rxa8 Qxa8 17. Nxb5 Nxb5 18. Bxb5 Qa5 19. Bxd7 Qxe1# 0-1

[Event "3rd Ideon Andron Open 2014"]
[Site "Anogia GRE"]
[Date "2014.08.04"]
[Round "7.5"]
[White "Malikentzos, Sotirios"]
[Black "Hristodoulou, Panagiotis"]
[Result "1/2-1/2"]
[WhiteTitle "FM"]
[WhiteElo "2352"]
[BlackElo "2242"]
[WhiteFideId "4215079"]
[BlackFideId "4214340"]
[EventDate "2014.07.30"]

1. d4 d5 2. c4 c6 3. Nc3 Nf6 4. e3 e6 5. Nf3 Nbd7 6. Bd3 dxc4 7. Bxc4 b5 8. Bd3
Bb7 9. e4 b4 10. Na4 c5 11. e5 Nd5 12. O-O cxd4 13. Re1 N5b6 14. Nxd4 Nxa4 15.
Qxa4 Bc5 16. Be3 O-O 17. Rad1 Qe7 18. Nc6 Bxc6 19. Qxc6 Bxe3 20. Rxe3 Nc5 1/2-1/2

[Event "3rd Ideon Andron Open 2014"]
[Site "Anogia GRE"]
[Date "2014.08.04"]
[Round "7.6"]
[White "Galanos, Dimitrios"]
[Black "Pap, Misa"]
[Result "0-1"]
[BlackTitle "GM"]
[WhiteElo "2124"]
[BlackElo "2514"]
[WhiteFideId "4206754"]
[BlackFideId "921610"]
[EventDate "2014.07.30"]

1. e4 c5 2. Nf3 Nc6 3. Bb5 g6 4. Bxc6 dxc6 5. O-O Bg7 6. d3 e5 7. h3 Qe7 8. Bg5
Nf6 9. Qc1 h6 10. Be3 Nh5 11. c3 f5 12. b4 fxe4 13. Bxc5 Qf6 14. Nfd2 exd3 15.
Ne4 Qf4 16. Nd6+ Kd7 17. Qd1 e4 18. Nxe4 Qxe4 19. Re1 Qd5 20. c4 Qxc4 21. Re3
Bxa1 22. Na3 Qxa2 23. Rxd3+ Ke8 24. Re3+ Be6 25. Qd6 Kf7 26. Qe7+ Kg8 27. Rxe6
Bf6 28. Qd7 Qxa3 29. Kh2 Rd8 30. Qc7 Rh7 31. Be7 Re8 32. Rxf6 Nxf6 0-1

[Event "3rd Ideon Andron Open 2014"]
[Site "Anogia GRE"]
[Date "2014.08.04"]
[Round "7.7"]
[White "Galopoulos, Nikolaos"]
[Black "Kostouros, Alexandros"]
[Result "1-0"]
[WhiteElo "2361"]
[BlackElo "2101"]
[WhiteFideId "4208951"]
[BlackFideId "4206100"]
[EventDate "2014.07.30"]

1. Nf3 d5 2. g3 c5 3. Bg2 Nc6 4. O-O e5 5. d3 Bd6 6. Nc3 Nge7 7. e4 d4 8. Nd5
Be6 9. Ng5 Bxd5 10. exd5 Nb4 11. c4 dxc3 12. bxc3 Nbxd5 13. Qa4+ Qd7 14. Qxd7+
Kxd7 15. Nxf7 Rhb8 16. Re1 Nxc3 17. Nxd6 Kxd6 18. Bb2 Ned5 19. Bxd5 Nxd5 20.
Bxe5+ Kc6 21. Bxb8 Rxb8 22. Re6+ Kd7 23. Re4 b5 24. Rc1 Kd6 25. Rce1 Rb7 26.
Re6+ Kd7 27. Re8 a5 28. Rg8 Kd6 29. Rd8+ Rd7 30. Rxd7+ Kxd7 31. Kf1 a4 32. Rc1
Kd6 33. a3 b4 34. Ke2 bxa3 35. Kd2 a2 36. Ra1 Nb4 37. Kc3 Kd5 38. h4 h5 39. f3
g6 40. d4 Kc6 41. Kc4 Nc2 42. Rxa2 Nxd4 43. Rxa4 Nxf3 44. Ra6+ Kd7 45. Kd5 g5
46. Rf6 g4 47. Rf7+ Ke8 48. Rf5 Nd2 49. Rxh5 c4 50. Kd4 Nf1 51. Re5+ Kd7 52. h5
c3 53. Kxc3 Kd6 54. Re1 Nxg3 55. h6 1-0

[Event "3rd Ideon Andron Open 2014"]
[Site "Anogia GRE"]
[Date "2014.08.04"]
[Round "7.8"]
[White "Papadopoulos, Panayotis"]
[Black "Kourkoulos-Arditis, Stamatis"]
[Result "0-1"]
[BlackTitle "FM"]
[WhiteElo "1992"]
[BlackElo "2330"]
[WhiteFideId "4222636"]
[BlackFideId "4221990"]
[EventDate "2014.07.30"]

1. d4 Nf6 2. c4 e6 3. Nf3 b6 4. g3 Ba6 5. Qc2 Bb4+ 6. Nbd2 O-O 7. Bg2 Bb7 8. O-O
c5 9. b3 cxd4 10. Nxd4 Bxg2 11. Kxg2 d5 12. N2f3 Qc8 13. cxd5 Nxd5 14. Bb2 Qxc2
15. Nxc2 Bc3 16. Bxc3 Nxc3 17. Ncd4 Na6 18. Rfc1 Rac8 19. Ne5 Nb4 20. a3 Nbd5
21. Kf3 Rfe8 22. e4 Nf6 23. Re1 Ncxe4 24. Rxe4 Nxe4 25. Kxe4 Rc3 26. Nb5 Rxb3
27. Nxa7 Rd8 28. Nac6 Rd2 29. Nc4 Rc2 30. Kd4 f6 31. Nb4 Rxf2 32. Nxb6 Rxh2 33.
Kc4 Rxg3 34. Kc5 Rh5+ 35. Kd6 Kf7 36. a4 Rb3 0-1

[Event "3rd Ideon Andron Open 2014"]
[Site "Anogia GRE"]
[Date "2014.08.04"]
[Round "7.9"]
[White "Lirindzakis, Timotheos"]
[Black "Papadogiannis, Sevastianos"]
[Result "1/2-1/2"]
[WhiteTitle "IM"]
[WhiteElo "2271"]
[BlackElo "2054"]
[WhiteFideId "4200381"]
[BlackFideId "4239369"]
[EventDate "2014.07.30"]

1. d4 Nf6 2. c4 e6 3. Nf3 d5 4. g3 Be7 5. Bg2 O-O 6. O-O dxc4 7. Qc2 b5 8. a4 b4
9. Nfd2 c6 10. Nxc4 Qxd4 11. Be3 Qg4 12. Nbd2 Nd5 13. Bf3 Nxe3 14. Nxe3 Qg6 15.
Rac1 a5 16. Qxg6 hxg6 17. Nec4 Ra7 18. Nb3 Bd8 19. Rfd1 Bc7 20. Nd6 Ba6 21. Nc5
Rd8 22. Nxa6 Rxa6 1/2-1/2

[Event "3rd Ideon Andron Open 2014"]
[Site "Anogia GRE"]
[Date "2014.08.04"]
[Round "7.10"]
[White "Milonakis, Georgios"]
[Black "Koutsogiannopoulou, Theodora"]
[Result "1-0"]
[WhiteElo "2151"]
[BlackElo "1855"]
[WhiteFideId "4206320"]
[BlackFideId "4215265"]
[EventDate "2014.07.30"]

1. Nf3 c5 2. g3 d5 3. Bg2 Nc6 4. d4 cxd4 5. Nxd4 e5 6. Nxc6 bxc6 7. O-O Be6 8.
c4 Bc5 9. Qa4 Bd7 10. Nc3 Ne7 11. Qc2 Rc8 12. e4 dxc4 13. Rd1 Bd4 14. Ne2 Be6
15. Nxd4 exd4 16. Bf1 d3 17. Qc3 O-O 18. b3 cxb3 19. axb3 Qb6 20. Rxd3 c5 21.
Be3 Rc6 22. Qa5 Rc7 23. Rc3 Rfc8 24. Ba6 Qxa5 25. Rxa5 Rd8 26. Be2 Nc8 27. Raxc5
Rb7 28. f4 Bxb3 29. Rxc8 1-0

[Event "3rd Ideon Andron Open 2014"]
[Site "Anogia GRE"]
[Date "2014.08.05"]
[Round "8.1"]
[White "Swapnil, S. Dhopade"]
[Black "Narayanan, Srinath"]
[Result "1/2-1/2"]
[WhiteTitle "IM"]
[BlackTitle "IM"]
[WhiteElo "2421"]
[BlackElo "2419"]
[WhiteFideId "5019184"]
[BlackFideId "5018420"]
[EventDate "2014.07.30"]

1. d4 Nf6 2. c4 e6 3. Nf3 b6 4. a3 Bb7 5. Nc3 d5 6. Qc2 c5 7. dxc5 d4 8. Nb5
Bxc5 9. b4 Bxf3 10. exf3 Be7 11. Bf4 O-O 12. O-O-O Nc6 13. Nxd4 Nxd4 14. Qb2 Qe8
15. Rxd4 a5 16. Bd6 axb4 17. axb4 Bxd6 18. Rxd6 Qe7 19. Rxb6 Rfd8 20. Rb5 Ra4
21. Be2 Qa7 22. Ra5 Rxa5 23. bxa5 Qxa5 24. Rd1 Ra8 25. g3 h6 26. h4 e5 27. Bd3
Qc5 28. Rd2 Nd7 29. Kd1 Rb8 30. Qc3 Nf8 31. Ke1 Ne6 32. Kf1 Nd4 1/2-1/2

[Event "3rd Ideon Andron Open 2014"]
[Site "Anogia GRE"]
[Date "2014.08.05"]
[Round "8.2"]
[White "Anurag, Mhamal"]
[Black "Malikentzos, Sotirios"]
[Result "1-0"]
[WhiteTitle "IM"]
[BlackTitle "FM"]
[WhiteElo "2405"]
[BlackElo "2352"]
[WhiteFideId "5024366"]
[BlackFideId "4215079"]
[EventDate "2014.07.30"]

1. d4 d5 2. Nc3 Nf6 3. Bg5 Nbd7 4. Qd3 h6 5. Bf4 c6 6. Nf3 g6 7. e4 dxe4 8. Nxe4
Nxe4 9. Qxe4 Nf6 10. Qd3 Bg7 11. Qd2 Bf5 12. Bc4 Nd5 13. Be5 O-O 14. O-O Be4 15.
Bxg7 Kxg7 16. Ne5 Nf6 17. Rad1 Bd5 18. Bd3 Be4 19. Bxe4 Nxe4 20. Qb4 Rb8 21.
Rfe1 Nf6 22. c4 e6 23. Rd3 Nd7 24. Qd2 Nxe5 25. dxe5 Qh4 26. b3 Rfd8 27. Rd1
Rxd3 28. Qxd3 Qe7 29. g3 b5 30. Qf3 bxc4 31. bxc4 c5 32. Qc6 Rb7 33. h4 Qc7 34.
Qf3 Qe7 35. h5 g5 36. Kh2 Rb4 37. Rc1 Rb2 38. a3 f6 39. Rd1 fxe5 40. Kg1 Qf7 41.
Qe3 Qf5 42. Rd7+ Kf6 43. Qxc5 Qb1+ 44. Kh2 Kf5 45. Rf7+ Kg4 46. Qxe5 Kxh5 47.
g4+ Kxg4 48. Qxe6+ Kh5 49. Rf6 Rxf2+ 50. Rxf2 Qb8+ 51. Kg2 Qb7+ 52. Qd5 Qc8 53.
Qf3+ Kh4 54. Kh1 g4 55. Qf6+ Kg3 56. Qf4+ 1-0

[Event "3rd Ideon Andron Open 2014"]
[Site "Anogia GRE"]
[Date "2014.08.05"]
[Round "8.3"]
[White "Pap, Misa"]
[Black "Lekic, Dusan"]
[Result "1-0"]
[WhiteTitle "GM"]
[BlackTitle "IM"]
[WhiteElo "2514"]
[BlackElo "2433"]
[WhiteFideId "921610"]
[BlackFideId "905330"]
[EventDate "2014.07.30"]

1. e4 c5 2. c3 Nf6 3. e5 Nd5 4. Nf3 Nc6 5. d4 cxd4 6. cxd4 d6 7. Bc4 Nb6 8. Bb5
dxe5 9. Nxe5 Bd7 10. Nxd7 Qxd7 11. O-O e6 12. Qg4 h5 13. Qe4 a6 14. Bxc6 Qxc6
15. Qe2 Rd8 16. Nc3 Rxd4 17. Be3 Rg4 18. f3 Rc4 19. Rac1 Bc5 20. b3 Rb4 21. Ne4
Bxe3+ 22. Qxe3 Qd7 23. Rfd1 Nd5 24. Rxd5 1-0